000 00591nam a2200181Ia 4500
008 140529s9999 xx 000 0 und d
020 _a9780857024114
050 _aHM 786
_b.Sy96 2012
100 _aSymon, Gillian.
245 _aQualitative organizational research :
_bcore methods and current challenges /
_cGillian Symon & Catherine Cassell
260 _aLos Angeles ; London :
_bSAGE,
_cc2012.
300 _a523 p. ;
_c24 cm.
500 _aIncludes bibliographical references and index.
521 _aBSBA
650 _aQualitative research.
942 _kFOR
_cBK
999 _c117869
_d117869